000 00940cad a22002175a 4500
001 L152894
008 110511s2011 xxk 000 0 eng d
035 _a(Sirsi) u152894
041 0 _aeng
100 1 _aMenary, Steve
245 0 0 _aEngland expects
_bthe planning pipeline for England continues to look busy, but elsewhere in the UK it is a different story
_h[electronic resource]
260 _c2011
490 _aHousebuilder
520 _aTables and overview of the top ten housebuilders by region across the United Kingdom, quarter 1 2011, year to Q1 2011 and year to Q1 2010.
590 _aKA NTK
651 4 _aUnited Kingdom
_y
690 _aBUILT ENVIRONMENT-CONSTRUCTION MARKET
690 _aPROPERTY-RESIDENTIAL PROPERTY-RESIDENTIAL PROPERTY DEVELOPMENT
856 4 0 _uhttps://www.house-builder.co.uk/news/articles/2011-05-03/england-expects.html
_zView the website free of charge at www.house-builder.co.uk
942 _n0
999 _c83139
_d83139